<?xml version="1.0" encoding="UTF-8"?>
<record
    xmlns:xsi="http://www.w3.org/2001/XMLSchema-instance"
    xsi:schemaLocation="http://www.loc.gov/MARC21/slim http://www.loc.gov/standards/marcxml/schema/MARC21slim.xsd"
    xmlns="http://www.loc.gov/MARC21/slim">

  <leader>01341nam a22001937a 4500</leader>
  <controlfield tag="003">CO-ViMGA</controlfield>
  <controlfield tag="008">160827b        xxu||||| |||| 00| 0 eng d</controlfield>
  <datafield tag="020" ind1=" " ind2=" ">
    <subfield code="a">9789588009742</subfield>
  </datafield>
  <datafield tag="040" ind1=" " ind2=" ">
    <subfield code="a">CO-ViMGA</subfield>
    <subfield code="b">spa</subfield>
    <subfield code="c">CO-ViMGA</subfield>
  </datafield>
  <datafield tag="041" ind1=" " ind2=" ">
    <subfield code="g">sp</subfield>
  </datafield>
  <datafield tag="110" ind1=" " ind2=" ">
    <subfield code="a">Corporaci&#xF3;n Aut&#xF3;noma Regional de Boyac&#xE1;</subfield>
    <subfield code="9">4614</subfield>
  </datafield>
  <datafield tag="245" ind1="1" ind2="0">
    <subfield code="a">Actividad Esmeraldifera : </subfield>
    <subfield code="b">Gu&#xED;a Ambiental y Oportunidades de Producci&#xF3;n m&#xE1;s Limpia</subfield>
  </datafield>
  <datafield tag="260" ind1=" " ind2=" ">
    <subfield code="a">Tunja:</subfield>
    <subfield code="b">Corpoboyaca, Cnset</subfield>
    <subfield code="c">2013</subfield>
  </datafield>
  <datafield tag="300" ind1=" " ind2=" ">
    <subfield code="a">107 p. il.</subfield>
  </datafield>
  <datafield tag="534" ind1=" " ind2=" ">
    <subfield code="p">Esta gu&#xED;a es una herramienta de alto nivel t&#xE9;cnico y metodol&#xF3;gico, que desarrolla el concepto del ciclo PHVA: Planear, Hacer, Verificar y Actuar, enfocando desde el principio a las empresas esmerald&#xED;feras, sin importar su tama&#xF1;o, a organizar el desarrollo de sus actividades bajo el esquema de procesos productivos, identificando dentro de ellos la cadena de valor, para que analizando las actividades de m&#xE1;s alto impacto, se generen alternativas de producci&#xF3;n que optimicen recursos y mejoren la calidad, cumpliendo en todo momento con la normatividad ambiental vigente y generando la oportunidad de la mejora continua.</subfield>
  </datafield>
  <datafield tag="650" ind1="1" ind2="4">
    <subfield code="a">Normas ambientales</subfield>
    <subfield code="v">Formaci&#xF3;n para el trabajo</subfield>
    <subfield code="x">Implementaci&#xF3;n</subfield>
    <subfield code="y">Actividad esmeraldifera</subfield>
    <subfield code="9">4615</subfield>
  </datafield>
  <datafield tag="710" ind1=" " ind2=" ">
    <subfield code="a">Corporaci&#xF3;n para la Investigaci&#xF3;n Sociecon&#xF3;mica y Tecnol&#xF3;gica de Colombia</subfield>
    <subfield code="9">4616</subfield>
  </datafield>
  <datafield tag="942" ind1=" " ind2=" ">
    <subfield code="2">ddc</subfield>
    <subfield code="c">BK</subfield>
  </datafield>
  <datafield tag="999" ind1=" " ind2=" ">
    <subfield code="c">35790</subfield>
    <subfield code="d">35790</subfield>
  </datafield>
  <datafield tag="952" ind1=" " ind2=" ">
    <subfield code="0">1</subfield>
    <subfield code="1">0</subfield>
    <subfield code="2">ddc</subfield>
    <subfield code="4">4</subfield>
    <subfield code="7">0</subfield>
    <subfield code="8">006</subfield>
    <subfield code="a">MEVIECAR</subfield>
    <subfield code="b">MEVIECAR</subfield>
    <subfield code="d">2016-08-27</subfield>
    <subfield code="l">1</subfield>
    <subfield code="p">30349</subfield>
    <subfield code="r">2017-07-13 00:00:00</subfield>
    <subfield code="s">2017-07-13</subfield>
    <subfield code="t">Ej.1</subfield>
    <subfield code="w">2016-08-27</subfield>
    <subfield code="y">BK</subfield>
  </datafield>
  <datafield tag="952" ind1=" " ind2=" ">
    <subfield code="0">0</subfield>
    <subfield code="1">0</subfield>
    <subfield code="2">ddc</subfield>
    <subfield code="4">0</subfield>
    <subfield code="7">0</subfield>
    <subfield code="8">GEN</subfield>
    <subfield code="a">MEACACIA</subfield>
    <subfield code="b">MEACACIA</subfield>
    <subfield code="c">GEN</subfield>
    <subfield code="d">2025-05-07</subfield>
    <subfield code="l">0</subfield>
    <subfield code="o">333.72861 C83</subfield>
    <subfield code="p">ACA02510</subfield>
    <subfield code="r">2025-05-07 08:27:36</subfield>
    <subfield code="t">Ej.1</subfield>
    <subfield code="w">2025-05-07</subfield>
    <subfield code="y">BK</subfield>
  </datafield>
</record>
